| 000 | 00846nam a22002417a 4500 | ||
|---|---|---|---|
| 005 | 20180810122928.0 | ||
| 010 | _aENG-123718 | ||
| 020 |
_a9780198748618 _c590.00 |
||
| 035 | _aEN-107250 | ||
| 037 | _bDBAD/PUB | ||
| 082 | _a910.285 | ||
| 100 | _aBurrough, Peter A. | ||
| 245 |
_aPrinciples of geographical information systems / _cby Peter A. Burrough; Rachael A. McDonnell [and] Christopher D. Lloyd |
||
| 250 | _a3rd ed. | ||
| 260 |
_c2017 _aNew Delhi _bOxford University Press |
||
| 270 |
_aYMCA Library Building, 1 Jai Singh Road, _bNew Delhi _e110001 |
||
| 300 |
_c25cm(pbk) _axiv,423p. _bill. |
||
| 500 | _aIt include bibliography and index | ||
| 500 | _aOnline Resources for teachers and students | ||
| 700 | _a McDonnell, Rachael A. | ||
| 700 | _aLloyd, Christopher D. | ||
| 942 |
_cEN _2ddc _mBUR _h910.285 |
||
| 999 |
_c155742 _d155742 |
||